000 00348nam a2200145Ia 4500
008 150201s1994 xx 000 0 und d
082 _a612
_bV94V
100 _aVIDYARATAN
245 _aVIVA IN HUMAN PHYSIOLOGY
250 _a7 TH
260 _bJAYPEE MEDICAL PUBLISHER
_aDELHI
_c1994
300 _a1-146
650 _aPHYSIOLOGY
942 _2ddc
_cBK
999 _c2496
_d2496